Bienvenue à la Médiathèque de Saint-Andiol
banniere
Accueil Recherche avancée Mon compte
handi1 Rechercher dans le catalogue

Filtre   Mots-clés
  Recherche avancée
 
Lister les dernières nouveautés
 
Lister les livres GROS CARACTERES
 
Lister les périodiques (magazines)

handi1 instinct maternel ! (L')

Book Cover
Auteur principal : Marc Cantin
Autres auteurs : Isabel
Autres auteurs : Thierry Nouveau Isabelle Maroger
Titre : instinct maternel ! (L')
Support : Livres
Langue : Francais
Publié : DL 2015 Clair de lune Allauch (Bouches-du-Rhône)
Series : Ma mère et moi
Genre : Bande Dessinée (enfants)
Collection : Ma mère et moi
Sujets :
Étiquettes :
Pas de tags
LEADER 01173nam0a2200253 450
001 16868343
010 |a 978-2-35325-702-7  |b rel.  |d 9,5 € 
100 |a 20260529d2026 u u0frey01 ba 
101 0 |a fre 
102 |a FR 
200 0 |a instinct maternel ! (L')  |f Marc Cantin & Isabel  |g dessins, Thierry Nouveau et Isabelle Maroger - couleurs, Laurence Croix, DRAC, Isabelle Maroger 
207 1 |a   
210 |a Allauch (Bouches-du-Rhône)  |c Clair de lune  |d DL 2015 
215 |a 1 vol. (40 p.)  |c ill. en coul.  |d 29 cm 
225 1 |a Ma mère et moi  |v 7 
330 |a Cloé adore sa mère et sa mère l’adore mais ce n’est pas pour autant toujours simple de vivre ensemble ! Cloé est parfois gaffeuse et sa mère se met vite en colère ! Mais quoi qu’il arrive, ces deux-là restent inséparables ! 
461 0 |t Ma mère et moi  |v 7 
700 0 |a Cantin  |b Marc  |f 1967-....  |4 70 
701 0 |a Isabel  |f 1969-....  |4 70 
702 0 |a Nouveau  |b Thierry  |f 1970-....  |4 440 
702 0 |a Maroger  |b Isabelle  |c Illustrateur  |f 1979-....  |4 440 
900 |a Bande Dessinée (enfants) 
901 |a Jeunesse 
995 |a Médiathèque  |c Médiathèque  |f 089021901  |h 089021901  |k BD MAM  |o p  |q j  |r az  |e Médiathèque